effect of different amounts and split application method of nitrogen on growth and yield in rice variety sen pidao at comping puoy agricultural development center (kadc) battambang province(ឥទ្ធិពលនៃភាពខុសគ្នាដោយវរិមាណ និងការអនុវត្តវីធីសាស្រ្តបំបែកជីអាសូតទៅលើការលូតលាស់ និង ទិន្នផលស្រូវសែនពិដោរ​ នៅមណ្ឌលអភិេវឌ្ឍន៍កសិកម្មកំពីងពួយ ខេត្តបាត់ដំបង) (Record no. 693)

000 -LEADER
fixed length control field 00997nam a22001577a 4500
003 - CONTROL NUMBER IDENTIFIER
control field OSt
005 - DATE AND TIME OF LATEST TRANSACTION
control field 20150918090513.0
008 - FIXED-LENGTH DATA ELEMENTS--GENERAL INFORMATION
fixed length control field 150918b xxu||||| |||| 00| 0 eng d
040 ## - CATALOGING SOURCE
Transcribing agency RUA
082 ## - DEWEY DECIMAL CLASSIFICATION NUMBER
Classification number AGR TOU 2004 B030 Or.1
100 ## - MAIN ENTRY--PERSONAL NAME
9 (RLIN) 720
Personal name TOUCH, BUNNA.
245 ## - TITLE STATEMENT
Title effect of different amounts and split application method of nitrogen on growth and yield in rice variety sen pidao at comping puoy agricultural development center (kadc) battambang province(ឥទ្ធិពលនៃភាពខុសគ្នាដោយវរិមាណ និងការអនុវត្តវីធីសាស្រ្តបំបែកជីអាសូតទៅលើការលូតលាស់ និង ទិន្នផលស្រូវសែនពិដោរ​ នៅមណ្ឌលអភិេវឌ្ឍន៍កសិកម្មកំពីងពួយ ខេត្តបាត់ដំបង)
Statement of responsibility, etc. .
260 ## - PUBLICATION, DISTRIBUTION, ETC. (IMPRINT)
Place of publication, distribution, etc. Phnom Penh
Name of publisher, distributor, etc. RUA
Date of publication, distribution, etc. 2004
300 ## - PHYSICAL DESCRIPTION
Extent 65p.
Other physical details ill.
Dimensions 29cm.
942 ## - ADDED ENTRY ELEMENTS (KOHA)
Source of classification or shelving scheme
Koha item type AGR
Holdings
Price effective from Date last seen Permanent Location Not for loan Date acquired Source of classification or shelving scheme Koha item type Lost status Withdrawn status Date last checked out Total Checkouts Shelving location Damaged status Barcode Current Location Full call number
2015-09-182015-09-18Library Block B 2015-09-18 AGR    B030 RUA001257Library Block BAGR TOU 2004 B030 Or.1
2015-09-182018-06-23Library Block B 2015-09-18 AGR  2018-06-052  RUA001569Library Block BAGR TOU 2004 B030 Or.2
2015-09-182016-06-02Library Block B 2015-09-18 AGR  2016-05-171  RUA001209Library Block BAGR TOU 2004 B030 Or.3
មជ្ឈមណ្ឌលឯការនៃសាកលវិទ្យាល័យភូមិន្ទកសិកម្មចំការដូង

Powered by Koha